Heads of state and government. (Record no. 14937)

MARC details
000 -LEADER
fixed length control field 00627cam a22002172 4500
001 - CONTROL NUMBER
control field 0000003337
005 - DATE AND TIME OF LATEST TRANSACTION
control field 20151217161132.0
008 - FIXED-LENGTH DATA ELEMENTS--GENERAL INFORMATION
fixed length control field 070503s xx 000 0 eng d
020 ## - INTERNATIONAL STANDARD BOOK NUMBER
International Standard Book Number 0333786157 :
Terms of availability KES 22,185
040 ## - CATALOGING SOURCE
Original cataloging agency KABU
Transcribing agency KABU
050 #0 - LIBRARY OF CONGRESS CALL NUMBER
Classification number JF251
Item number .D34 2000
100 1# - MAIN ENTRY--PERSONAL NAME
Personal name da Graca, John V.
-- 0000153169
245 10 - TITLE STATEMENT
Title Heads of state and government.
250 ## - EDITION STATEMENT
Edition statement 2nd ed.
260 ## - PUBLICATION, DISTRIBUTION, ETC. (IMPRINT)
Place of publication, distribution, etc. New York :
Name of publisher, distributor, etc. St. Martin's Press,
Date of publication, distribution, etc. 2000.
300 ## - PHYSICAL DESCRIPTION
Extent viii, 1222 p.
650 #0 - SUBJECT ADDED ENTRY--TOPICAL TERM
Topical term or geographic name as entry element Heads of state
General subdivision Biography.
-- 0000153170
908 ## - PUT COMMAND PARAMETER (RLIN)
Put command parameter 070503
950 ## - LOCAL HOLDINGS (RLIN)
-- 1
Holdings
Withdrawn status Lost status Source of classification or shelving scheme Not for loan Home library Current library Date acquired Total Checkouts Full call number Barcode Date last seen Price effective from Koha item type
    Library of Congress Classification Not For Loan Kabarak, Main Campus Kabarak, Main Campus 17/12/2015   JF251 .D34 2000 010109 17/12/2015 17/12/2015 Reference
Designed with assistance from East African Informatics Ltd